The Waste Management (Miscellaneous Provisions) (England and Wales) Regulations 2007 (Record no. 106852)
[ view plain ]
| 000 -LEADER | |
|---|---|
| fixed length control field | 01498cad a22002655a 4500 |
| 001 - CONTROL NUMBER | |
| control field | L137627 |
| 008 - FIXED-LENGTH DATA ELEMENTS--GENERAL INFORMATION | |
| fixed length control field | 070420e20070410xxk f l f000 0 eng d |
| 020 ## - INTERNATIONAL STANDARD BOOK NUMBER | |
| International Standard Book Number | 9780110767246 |
| 035 ## - SYSTEM CONTROL NUMBER | |
| System control number | (Sirsi) u137627 |
| 041 0# - LANGUAGE CODE | |
| Language code of text/sound track or separate title | eng |
| 110 1# - MAIN ENTRY--CORPORATE NAME | |
| Corporate name or jurisdiction name as entry element | United Kingdom |
| Form subheading | Laws, etc |
| 9 (RLIN) | 5044 |
| 245 04 - TITLE STATEMENT | |
| Title | The Waste Management (Miscellaneous Provisions) (England and Wales) Regulations 2007 |
| 260 ## - PUBLICATION, DISTRIBUTION, ETC. | |
| Place of publication, distribution, etc. | London |
| Name of publisher, distributor, etc. | OPSI |
| Date of publication, distribution, etc. | 2007 |
| 490 #0 - SERIES STATEMENT | |
| Series statement | SI |
| Volume/sequential designation | 2007: 1156 |
| 520 ## - SUMMARY, ETC. | |
| Summary, etc. | Comes into force 2 May 2007. Amends the Waste Management Licensing Regulations 1994 Sched 3. Introduces limits to the draining of milk onto land. Provides an exemption permitting the disposal of pesticide into lined biobeds and the treatment of land with animal ashes. Limits an exemption regarding the disposal of plant tissue. Amends the Clean Air (Emission of Dark Smoke) (Exemption) Regulations 1969, removing an exemption concerning the burning of some pesticide containers. |
| 650 24 - SUBJECT ADDED ENTRY--TOPICAL TERM | |
| Topical term or geographic name entry element | WASTE MANAGEMENT LICENSING REGULATIONS 1994 |
| 650 24 - SUBJECT ADDED ENTRY--TOPICAL TERM | |
| Topical term or geographic name entry element | CLEAN AIR (EMISSION OF DARK SMOKE) (EXEMPTION) REGULATIONS 1969 |
| 650 24 - SUBJECT ADDED ENTRY--TOPICAL TERM | |
| Topical term or geographic name entry element | PLANT HEALTH (ENGLAND) ORDER 2005 |
| 650 24 - SUBJECT ADDED ENTRY--TOPICAL TERM | |
| Topical term or geographic name entry element | PLANT HEALTH (WALES) ORDER 2006 |
| 650 24 - SUBJECT ADDED ENTRY--TOPICAL TERM | |
| Topical term or geographic name entry element | WASTE MANAGEMENT (MISCELLANEOUS PROVISIONS) (ENGLAND AND WALES) REGULATIONS 2007 |
| 651 #4 - SUBJECT ADDED ENTRY--GEOGRAPHIC NAME | |
| Geographic name | England and Wales |
| Chronological subdivision | 1543- |
| 690 ## - LOCAL SUBJECT ADDED ENTRY--TOPICAL TERM (OCLC, RLIN) | |
| Topical term or geographic name as entry element | ENVIRONMENTAL AND LAND CONSULTANCY-WASTE MANAGEMENT |
| 856 40 - ELECTRONIC LOCATION AND ACCESS | |
| Uniform Resource Identifier | <a href="https://www.opsi.gov.uk/si/si2007/20071156.htm">https://www.opsi.gov.uk/si/si2007/20071156.htm</a> |
| Public note | View the SI free of charge at www.opsi.gov.uk... |
| 942 ## - ADDED ENTRY ELEMENTS (KOHA) | |
| Suppress in OPAC | 0 |
| Withdrawn status | Lost status | Source of classification or shelving scheme | Damaged status | Not for loan | Home library | Current library | Shelving location | Date acquired | Total Checkouts | Full call number | Barcode | Date last seen | Copy number | Price effective from | Koha item type |
|---|---|---|---|---|---|---|---|---|---|---|---|---|---|---|---|
| Dewey Decimal Classification | Virtual | Virtual | Online | 20/04/2007 | ONLINE PUBLICATION | 137627-1001 | 06/08/2019 | 1 | 06/08/2019 | Book |